• 首页
  • 本馆介绍
  • 公告通知
  • 最新文献
  • 馆藏检索
  • 电子资源
  • 读者导购
  • 参考咨询
  • 我的图书馆
  • 登录
  • 详细信息显示
  • 放入我的书架
  • 预约/预借图书
  • 作者相关作品
  • 分类相关作品
  • 丛书相关作品
  • 出版社相关作品

书目信息

  • 表格格式
  • 工作单格式
  • 卡片格式
题名:
当代动漫设计理念与发展
    
 
作者: 罗坚 著
分册:  
出版信息: 长春   吉林美术出版社  2019
页数: 344页
开本: 24cm
丛书名:
单 册:
中图分类: J218.7
科图分类:
主题词: 动画--dong hua--设计--研究
电子资源:
ISBN: 978-7-5575-3293-2
000 00964nam0 2200253 450
001 012001007879
005 20131021153404.0
010    @a978-7-5575-3293-2@dCNY35.00
099    @aCAL 012019029968
100    @a20190307d2019 em y0chiy50 ea
101 0  @achi
102    @aCN@b220000
105    @ay a 000yy
106    @ar
200 1  @a当代动漫设计理念与发展@Adang dai dong man she ji li nian yu fa zhan@f罗坚著
210    @a长春@c吉林美术出版社@d2019
215    @a344页@d24cm
320    @a有书目 (第343-344页)
330    @a本书针对计算机技术、服装设计在动漫设计中的具体运用展开了细致的阐述, 分析了动漫设计的具体概念 ; 并就现代化技术在动漫设计中的主要应用展开了探究, 为我国动漫专业学生、动漫设计人员以及有望从事动漫设计的人提供资料参考, 也对我国动漫设计产业提出了新的思考与影响。
606 0  @a动画@Adong hua@x设计@x研究
690    @aJ218.7@v5
701  0 @a罗坚@Aluo jian@4著
801  0 @aCN@b上海新华@c20191020
905    @b1180338-41@dJ218.7@e1079@f4
    
    当代动漫设计理念与发展/罗坚著.-长春:吉林美术出版社,2019
    344页;24cm
    
    
    ISBN 978-7-5575-3293-2:CNY35.00
    本书针对计算机技术、服装设计在动漫设计中的具体运用展开了细致的阐述, 分析了动漫设计的具体概念 ; 并就现代化技术在动漫设计中的主要应用展开了探究, 为我国动漫专业学生、动漫设计人员以及有望从事动漫设计的人提供资料参考, 也对我国动漫设计产业提出了新的思考与影响。
●
相关链接 在E读中查询图书 在五车中查询图书 在当当中查询图书 在豆瓣中查询图书


正题名:当代动漫设计理念与发展     索取号:J218.7/1079         预约/预借

序号 登录号 条形码 馆藏地/架位号 状态 备注
1 1180338   211803388   第一样本阅览室/ [索取号:J218.7/1079] 在馆    
2 1180339   211803397   第一借阅区/ [索取号:J218.7/1079] 在馆    
3 1180340   211803404   第一借阅区/ [索取号:J218.7/1079] 在馆    
4 1180341   211803413   第一借阅区/ [索取号:J218.7/1079] 在馆    
唐山师范学院图书馆 欢迎您!
大连网信软件有限公司© 版权所有